Central Library OPAC University of Rajshahi

Background to evolution in Africa / (Record no. 11461)

MARC details
000 -LEADER
fixed length control field 01305cam a22003131 4500
001 - CONTROL NUMBER
control field 11461
003 - CONTROL NUMBER IDENTIFIER
rucl marc code BD-RjUL
005 - DATE AND TIME OF LATEST TRANSACTION
control field 20211208235129.0
008 - FIXED-LENGTH DATA ELEMENTS--GENERAL INFORMATION
fixed length control field 740801s1967 iluab b 100 0 eng
035 ## - SYSTEM CONTROL NUMBER
System control number (BD-RjUL)
040 ## - CATALOGING SOURCE
Original cataloging agency DLC
Transcribing agency DLC
Modifying agency DLC
Language of cataloging eng
041 0# - LANGUAGE CODE
Language code of text/sound track or separate title engfre
082 00 - DEWEY DECIMAL CLASSIFICATION NUMBER
Classification number 560.178096
Author mark and year BAC 1967
245 00 - TITLE STATEMENT
Title Background to evolution in Africa /
Statement of responsibility, etc. Edited by Walter W. Bishop and J. Desmond Clark.
260 ## - PUBLICATION, DISTRIBUTION, ETC. (IMPRINT)
Place of publication, distribution, etc. Chicago,
Name of publisher, distributor, etc. University of Chicago Press
Date of publication, distribution, etc. 1967.
300 ## - PHYSICAL DESCRIPTION
Pagination x, 935 p. :
Illustrations illus., maps. ;
Size 25 cm.
500 ## - GENERAL NOTE
General note "Systematic investigation of the African later tertiary and quaternary; proceedings of the symposium held at Burg Wartenstein, Austria, July-August, 1965, under the auspices of the Wenner-Gren Foundation for Anthropological Research, New York."
General note English or French.
504 ## - BIBLIOGRAPHY, ETC. NOTE
Bibliography, etc Includes bibliographies.
650 #0 - SUBJECT ADDED ENTRY--TOPICAL TERM
Topical term or geographic name as entry element Paleontology
Geographic subdivision Africa.
9 (RLIN) 35424
651 #0 - SUBJECT ADDED ENTRY--GEOGRAPHIC NAME
Geographic name Africa
General subdivision Antiquities.
9 (RLIN) 35425
700 1# - ADDED ENTRY--PERSONAL NAME
Personal name Bishop, Walter W.,
Relator term ed.
Personal name Clark, J. Desmond
Fuller form of name (John Desmond),
Dates associated with a name 1916-2002,
Relator term ed.
710 2# - ADDED ENTRY--CORPORATE NAME
Corporate name or jurisdiction name as entry element Wenner-Gren Foundation for Anthropological Research.
9 (RLIN) 34213
942 ## - ADDED ENTRY ELEMENTS (KOHA)
Source of classification or shelving scheme Dewey Decimal Classification
Koha item type Books
Holdings
Lost status Source of classification or shelving scheme Damaged status Not for loan Collection code Permanent Location Current Location Shelving location Date acquired Source of acquisition Cost, normal purchase price Total Checkouts Full call number Date last seen Copy number Koha item type
  Dewey Decimal Classification   Not For Loan Non-fiction Central Library, University of Rajshahi Central Library, University of Rajshahi Reading Room 18/09/1970 Zeitlinger 247.00   560.178096 BAC 1967 26/01/2014 C-1 Books
  Dewey Decimal Classification     Non-fiction Central Library, University of Rajshahi Central Library, University of Rajshahi   18/09/1970 Zeitlinger 247.00   560.178096 BAC 1967 17/05/2017 C-2 Books